000 00593nam a2200205 i 4500
001 57912
003 ES-MaACL
007 t|
008 031020s1945 sp ||||1| spa d
100 1 _aDouglas, Lloyd C.
_945495
245 1 0 _aEstandartes blancos /
_cLloyd C. Douglas ; [versión española de J.L.B.].
250 _a[1ª ed.].
260 _aBarcelona :
_bLuis de Caralt,
_c[1945] (
_fClarasó)
300 _a322 p. ;
_c20 cm.
490 1 _aAnglo-sajona
700 1 _aJ. L. B.
_965770
830 0 _aAnglo-sajona
_9184192
852 _aES-MaACL
_jB-8166
_bR.28918
999 _c57912
_d57912